000 01288cam a22003734a 4500
001 14497297
005 20171219074152.0
007 co uga||||||||
008 060810s2008 paua b 001 0 eng
010 _a 2006026479
015 _aGBA674780
_2bnb
016 7 _a101284815
_2DNLM
016 7 _a013541907
_2Uk
020 _a0781759781 (onevolume ed. : alk. paper)
020 _a9780781759786 (onevolume ed. : alk. paper)
020 _a0781766958 (twovolume ed. : alk. paper)
020 _a9780781766951 (twovolume ed. : alk. paper)
035 _a(OCoLC)ocm70929238
035 _a(OCoLC)70929238
_z(OCoLC)71239163
_z(OCoLC)84717403
040 _aDNLM/DLC
_cDLC
_dNLM
_dBAKER
_dUKM
_dC#P
_dYDXCP
_dOCLCQ
_dDLC
041 _aeng
042 _apcc
080 _a610.73 BUR
082 0 0 _a610.73 BUR
_222
100 _a3
101 _aSHM
245 0 0 _aBrunner & Suddarth's textbook of medical-surgical nursing.
246 3 _aBrunner and Suddarth's textbook of medical-surgical nursing
246 3 0 _aTextbook of medical-surgical nursing
504 _aIncludes bibliographical references and index.
906 _a7
_bcbc
_corignew
_d1
_eecip
_f20
_gy-gencatlg
942 _2ddc
_cBK
999 _c39171
_d39171